000 00545nam a2200193Ia 4500
003 GCL
008 140319s9999 xx 000 0 eng d
040 _aGCL /
_cGCL
082 0 4 _a741.942
_bH A
100 1 _aHAND, HOHNOLIVER
245 1 0 _aTHE AGE OF BRUEGEL : JOHN OLIVER HANDBOOK /
_cHAND, HOHNOLIVER
700 1 _aJUDSON, JRICHARCL
260 _a[S.N] :
_bNONE ،
_c1986
300 _a339
650 0 4 _aDRAWING, DUTCH EXBIBITION
650 0 4 _aDRAURING, FLEMISH EXHIRTIONS
650 0 4 _aDRAWRING 6TH CENTURY FLANDERR
942 _2ddc
_cBK
999 _c17264
_d17264